000 00695nam a22002057a 4500
005 20251108165504.0
008 250721s1988 xx 000 0 ara d
082 1 4 _aم/961/مقد
100 1 _aمقديش، أبو الثناء محمود بن سعيد الصفاقسي
245 1 0 _aنزهة الأنظار في عجائب التواريخ و الأخبار /
264 1 _aبيروت :
_bدار الغرب الإسلامي،
_c1988.
300 _a2مج
650 1 7 _aالمغرب العربي
650 1 7 _aالتاريخ
650 1 7 _aتونس
700 1 _aالزواري، علي
_eتحقيق
700 1 _aمحفوظ، محمد
_eتحقيق
942 _2ddc
_cREF
999 _c29121
_d29121